000 00708cam a2200181 4500
001 ABS61099
008 000000n1999 000 0 eng u
035 _a(Sirsi) u101649
100 _aPhillips, P.
245 4 _aThe UK radon programme: a review of the response to the discovery of elevated levels in the built environment.
260 _c1999
490 _aEnvironmental & Waste Management
_v2(3) 1999, 176-181(15)
520 _aReviews the UK radon programme, which has been working to provide advice for domestic and industrial buildings on ways to reduce levels of radon in the atmosphere.
650 _aRADON
650 _aPOLLUTION
690 _aENVIRONMENTAL AND LAND CONSULTANCY
942 _n0
999 _c60777
_d60777